| Tag |
First Indicator |
Second Indicator |
Subfields |
| LEADER |
00000cas a2200000 a 4500 |
| 001 |
in00001404967 |
| 005 |
20151020064103.0 |
| 008 |
960302c19uu9999enkar 0 0eng d |
| 035 |
|
|
|a (OCoLC)34302245
|
| 035 |
|
|
|9 AHP4475AM
|
| 040 |
|
|
|a SFR
|c SFR
|d UtOrBLW
|
| 049 |
|
|
|a TXAE
|
| 090 |
|
|
|a TP1112
|b R45
|
| 092 |
|
|
|a 620.19
|b R275i
|
| 245 |
0 |
0 |
|a Reinforced plastics.
|p International buyers' guide.
|
| 246 |
3 |
0 |
|a International buyers' guide
|
| 264 |
|
1 |
|a Oxford, UK :
|b Elsevier Advanced Technology.
|
| 300 |
|
|
|a volumes :
|b illustrations ;
|c 30 cm.
|
| 310 |
|
|
|a Annual
|
| 336 |
|
|
|a text
|b txt
|2 rdacontent
|
| 337 |
|
|
|a unmediated
|b n
|2 rdamedia
|
| 338 |
|
|
|a volume
|b nc
|2 rdacarrier
|
| 500 |
|
|
|a Description based on: 1996; title from cover.
|
| 580 |
|
|
|a Issues for <1996-> published as a separate vol. to: Reinforced plastics.
|
| 650 |
|
0 |
|a Reinforced plastics
|x Directories.
|
| 650 |
|
0 |
|a Plastics industry and trade
|v Directories.
|
| 772 |
1 |
|
|t Reinforced plastics
|x 0034-3617
|
| 999 |
|
|
|a MARS
|
| 999 |
f |
f |
|s 2ed1d240-a032-3c7f-a43c-442fcf983ff1
|i dac5e6c0-1d0e-3e74-8402-e52c1d082998
|t 0
|
| 952 |
f |
f |
|p ric
|a Texas A&M University
|b Rellis Campus
|c Joint Library Facility
|d Remote Storage
|t 0
|e TP1112 R45
|h Library of Congress classification
|i unmediated -- volume
|l 1997
|m A14824047607
|
| 952 |
f |
f |
|p ric
|a Texas A&M University
|b Rellis Campus
|c Joint Library Facility
|d Remote Storage
|t 0
|e TP1112 R45
|h Library of Congress classification
|i unmediated -- volume
|l 1999
|m A14824047267
|
| 952 |
f |
f |
|p ric
|a Texas A&M University
|b Rellis Campus
|c Joint Library Facility
|d Remote Storage
|t 0
|e TP1112 R45
|h Library of Congress classification
|i unmediated -- volume
|k 2001
|m A14827220000
|
| 952 |
f |
f |
|p ric
|a Texas A&M University
|b Rellis Campus
|c Joint Library Facility
|d Remote Storage
|t 0
|e TP1112 R45
|h Library of Congress classification
|i unmediated -- volume
|k 2002/2003
|m A14828653777
|
| 952 |
f |
f |
|p ric
|a Texas A&M University
|b Rellis Campus
|c Joint Library Facility
|d Remote Storage
|t 0
|e TP1112 R45
|h Library of Congress classification
|i unmediated -- volume
|l 1998
|m A14823456382
|
| 952 |
f |
f |
|p ric
|a Texas A&M University
|b Rellis Campus
|c Joint Library Facility
|d Remote Storage
|t 0
|e TP1112 R45
|h Library of Congress classification
|i unmediated -- volume
|l 1996
|m A14822005138
|
| 952 |
f |
f |
|p ric
|a Texas A&M University
|b Rellis Campus
|c Joint Library Facility
|d Remote Storage
|t 0
|e TP1112 R45
|h Library of Congress classification
|i unmediated -- volume
|l 2000
|m A14826014503
|
| 998 |
f |
f |
|a TP1112 R45
|s 2002/2003
|t 0
|l Remote Storage
|